Štrukturálne zisťovanie fariem 2005 typológia fariem - typology of farms

Gespeichert in:
Bibliographische Detailangaben
Format: Buch
Sprache:Slowakisch
Englisch
Veröffentlicht: Bratislava Štatistický úrad Slovenskej republiky 2006
Schlagworte:
Tags: Tag hinzufügen
Keine Tags, Fügen Sie das erste Tag hinzu!

MARC

LEADER 00000nam a2200000 4500
001 0053254
005 20240422093751.5
041 0 |a slo 
041 0 |a eng 
044 |a SK 
245 1 0 |a Štrukturálne zisťovanie fariem 2005  |b typológia fariem - typology of farms 
264 1 |a Bratislava  |b Štatistický úrad Slovenskej republiky  |c 2006 
300 |a [18] s. 
610 2 0 |a farmy 
610 2 0 |a regióny 
610 2 0 |a výroba živočíšna 
610 2 0 |a výroba rastlinná 
610 2 0 |a plodiny poľnohospodárske 
610 2 0 |a obchod zahraničný 
610 2 0 |a Slovensko